00614nam a2200205Ia 450000500170000000800410001702000150005808200220007310000160009524500360011126000290014726000580017630000170023465000180025165000120026965000080028194200060028995200980029599900150039320250312071257.0240331s9999 xx 000 0 und d a0415105625 a301.01bZUR23959 aZurbrugg, N 4aThe Parameters of Postmodernism aLondon,bRoutledgec1993 aCarbondale,bSouthern Illinois University Pressc1993 axvi, 184 p., aPostmodernism aCulture aArt cL 001040708LaWERCLbWERCLcSSCd2024-03-31l0o 301.01 ZURp3959r2024-03-31w2024-03-31yL c1059d1059